[Event "Lansing (MI Op/6/12)"]
[Site "?"]
[Date "1996.??.??"]
[Round "?"]
[White "Linn, Peter"]
[Black "Walker, Douglas"]
[Result "1-0"]
[WhiteElo "2110"]
[BlackElo "1935"]
[PlyCount "63"]
[EventDate "1996.??.??"]

{6/(12)} 1. e4 c5 2. Nc3 Nc6 3. f4 d6 4. Nf3 e6 5. Bc4 Nf6 6. d3 a6 7. e5 d5 8.
Bb3 Nd7 9. a4 Be7 10. O-O b6 11. Qe1 Qc7 12. Bd2 Bb7 13. Ne2 g6 14. c3 Na5 15.
Bd1 c4 16. d4 O-O 17. Bc2 b5 18. f5 exf5 19. Bh6 Rfe8 20. Bxf5 Nf8 21. Bc2 Ne6
22. Qg3 Qb6 23. Nf4 Kh8 24. Nxe6 Qxe6 25. Ng5 Bxg5 26. Bxg5 Nc6 27. Bf6+ Kg8
28. Bf5 Nxd4 29. cxd4 Qb6 30. Qf4 Re6 31. Bxe6 fxe6 32. Be7 1-0

[Event "Lansing (MI Op/1a/11)"]
[Site "?"]
[Date "1996.??.??"]
[Round "?"]
[White "Linn, Peter"]
[Black "Steverson, Bunnard"]
[Result "1-0"]
[WhiteElo "2110"]
[BlackElo "1855"]
[PlyCount "47"]
[EventDate "1996.??.??"]

1. e4 c5 2. Nc3 d6 3. f4 Nc6 4. Nf3 Nf6 5. Bc4 e6 6. d3 a6 7. e5 dxe5 8. fxe5
Nd5 9. O-O Be7 10. a4 Nb6 11. Qe2 Nxc4 12. dxc4 Nd4 13. Nxd4 Qxd4+ 14. Kh1 Qd7
15. Qg4 g6 16. Bg5 h5 17. Qf4 Bxg5 18. Qxg5 Qe7 19. Qe3 Kf8 20. Ne4 Kg7 21. Nd6
Rf8 22. Rf6 Qxd6 23. exd6 Kxf6 24. Qh6 1-0

[Event "Lansing (MI Op/4/12)"]
[Site "?"]
[Date "1996.??.??"]
[Round "?"]
[White "Linn, Peter"]
[Black "Kulbacki, James"]
[Result "1/2-1/2"]
[WhiteElo "1915"]
[BlackElo "2110"]
[PlyCount "104"]
[EventDate "1996.??.??"]

{4/(12)} 1. d4 d5 2. Nf3 Nc6 3. Bf4 Bg4 4. Nbd2 Nf6 5. h3 Bh5 6. c3 e6 7. Qa4
Bd6 8. e3 O-O 9. Bd3 Nd7 10. Qc2 Bg6 11. O-O e5 12. dxe5 Ndxe5 13. Bxg6 Nxg6
14. Bxd6 Qxd6 15. e4 Nf4 16. exd5 Qxd5 17. Qe4 Qxe4 18. Nxe4 Rfe8 19. Ned2 Nd3
20. b3 Rad8 21. Nc4 Nf4 22. Rfe1 Ne2+ 23. Kf1 Nxc3 24. a3 f6 25. Rxe8+ Rxe8 26.
Rc1 Ne4 27. Ne3 Rd8 28. b4 a6 29. a4 Rd7 30. b5 axb5 31. axb5 Ne7 32. Ra1 Nc3
33. b6 cxb6 34. Ra3 Ned5 35. Rb3 Kf7 36. g3 g6 37. Nc4 b5 38. Na3 b4 39. Nc2
Rd6 40. Nd2 Rb6 41. Nc4 Rc6 42. Na5 Ne4 43. Nxc6 Nd2+ 44. Ke1 Nxb3 45. N6xb4
Nxb4 46. Nxb4 Ke6 47. Ke2 Kd6 48. Ke3 Kc5 49. Nd3+ Kc4 50. Nb2+ Kb4 51. Nd3+
Kc3 52. Nf4 Kc4 1/2-1/2

[Event "Lansing (MI Op/3/10)"]
[Site "?"]
[Date "1996.??.??"]
[Round "?"]
[White "Linn, Peter"]
[Black "Hater, David"]
[Result "1/2-1/2"]
[WhiteElo "2110"]
[BlackElo "1970"]
[PlyCount "30"]
[EventDate "1996.??.??"]

{3/(10)} 1. e4 e5 2. Bc4 Nf6 3. d3 Nc6 4. Nc3 Na5 5. Nf3 Nxc4 6. dxc4 Bb4 7.
Bd2 d6 8. Qe2 Qd7 9. Nd5 Bxd2+ 10. Nxd2 Qc6 11. Nxf6+ gxf6 12. Qd3 Be6 13.
O-O-O O-O-O 14. f3 Rdg8 15. g4 Rg7 1/2-1/2

[Event "Howell (US Am N/3/26)"]
[Site "?"]
[Date "1996.??.??"]
[Round "?"]
[White "Libby, Dan"]
[Black "Zuniga, Jesus"]
[Result "1/2-1/2"]
[WhiteElo "1740"]
[BlackElo "1605"]
[PlyCount "133"]
[EventDate "1996.??.??"]

{3/(26)} 1. c4 Nf6 2. Nc3 g6 3. Nf3 Bg7 4. e4 d6 5. d4 O-O 6. Be2 e5 7. d5 Nbd7
8. Bg5 h6 9. Be3 Ng4 10. Bd2 Ngf6 11. b4 c5 12. b5 a5 13. a4 b6 14. h3 Ne8 15.
Qc1 Kh7 16. Qc2 Ndf6 17. O-O-O Ng8 18. h4 f6 19. Nh2 f5 20. h5 g5 21. exf5 Bxf5
22. Bd3 Qf6 23. g4 Bxd3 24. Qxd3+ Kh8 25. Ne4 Qe7 26. Nf1 Nef6 27. Nfg3 Nxe4
28. Nxe4 Nf6 29. f3 Nxe4 30. fxe4 Rf6 31. Rhf1 Raf8 32. Rxf6 Rxf6 33. Rf1 Qf7
34. Rf5 Rxf5 35. exf5 Bf6 36. Qe4 Kg7 37. Kd1 Qc7 38. Ke2 Kf7 39. Ke3 Kg7 40.
Qb1 Qa7 41. Ke4 Kf7 42. Qg1 Qc7 43. Qg2 Qd7 44. Qh2 Qe7 45. Qg3 Qc7 46. Qe3 Qe7
47. Qd3 Qc7 48. Qh3 Qe7 49. Qb3 Qa7 50. Qd1 Qc7 51. Qf3 Qe7 52. Qd1 Qc7 53. Bc3
Ke7 54. Qd2 Kf7 55. Qb2 Qa7 56. Qb1 Qa8 57. Ke3 Kg7 58. Kf2 Kf7 59. Kg2 Ke7 60.
Bd2 Kd7 61. Kg3 Ke7 62. Bxg5 hxg5 63. Qe4 Qh8 64. Kg2 Kf7 65. Kg3 Bg7 66. Kg2
Kf6 67. Kg3 1/2-1/2

[Event "Howell (US Am N/1/34)"]
[Site "?"]
[Date "1996.??.??"]
[Round "?"]
[White "Libby, Dan"]
[Black "Smalec, Joseph"]
[Result "1-0"]
[WhiteElo "1740"]
[BlackElo "1605"]
[PlyCount "31"]
[EventDate "1996.??.??"]

{1/(34)} 1. c4 e5 2. Nc3 Nf6 3. g3 Nc6 4. Bg2 Bc5 5. e3 d6 6. Nge2 Be6 7. d4
exd4 8. exd4 Bxd4 9. Nxd4 O-O 10. Nxe6 fxe6 11. Bg5 Ne5 12. Qe2 Qd7 13. O-O c6
14. Rad1 h6 15. Bxf6 Rxf6 16. Qxe5 1-0

[Event "Detroit (Class B/5/13)"]
[Site "?"]
[Date "1996.??.??"]
[Round "?"]
[White "Libby, Dan"]
[Black "Moore, Robert"]
[Result "1-0"]
[WhiteElo "1740"]
[BlackElo "1705"]
[PlyCount "120"]
[EventDate "1996.??.??"]

{5/(13)} 1. c4 g6 2. Nc3 Bg7 3. g3 d6 4. Bg2 e5 5. d3 Nf6 6. Bg5 O-O 7. Qd2 c6
8. h4 h5 9. O-O-O Nbd7 10. g4 Qb6 11. Be3 Qc7 12. gxh5 Nxh5 13. Nh3 Ndf6 14.
Ne4 Ng4 15. Ng3 Nxe3 16. Qxe3 Bxh3 17. Rxh3 Nf4 18. Rh2 Bh6 19. Kb1 Kg7 20. Qf3
Rh8 21. e3 Nxg2 22. Rxg2 Kh7 23. Rdg1 Qd7 24. h5 Raf8 25. Ne4 f5 26. hxg6+ Kg7
27. Ng3 Kg8 28. g7 Bxg7 29. Nh5 Rf7 30. Rxg7+ Kf8 31. Rxf7+ Qxf7 32. Ng3 f4 33.
Ne2 fxe3 34. Qxf7+ Kxf7 35. fxe3 Rh2 36. Re1 a6 37. e4 b5 38. Nc1 Ke6 39. b3 b4
40. Re2 Rh6 41. Rg2 Kf7 42. c5 dxc5 43. Rc2 Ke7 44. Rxc5 Kd6 45. Ra5 Re6 46.
Kc2 Kc7 47. Rxa6 Kb7 48. Ra4 c5 49. Ra5 Rc6 50. Ne2 Rc8 51. a3 Kb6 52. Ra4 Kb5
53. axb4 cxb4+ 54. Kd2 Rh8 55. Ra7 Kc6 56. Ra5 Re8 57. Ng1 Rg8 58. Nf3 Rg2+ 59.
Ke3 Rb2 60. Nxe5+ Kc7 1-0

[Event "Detroit (WCO/1/8)"]
[Site "?"]
[Date "1996.??.??"]
[Round "?"]
[White "Libby, Dan"]
[Black "Mahabir, Naresh"]
[Result "1-0"]
[WhiteElo "1705"]
[BlackElo "1605"]
[PlyCount "77"]
[EventDate "1996.??.??"]

{1/(8)} 1. c4 e5 2. Nc3 Nf6 3. g3 g6 4. Bg2 Bg7 5. d3 d6 6. Rb1 Qd7 7. b4 O-O
8. e4 b6 9. Nge2 c5 10. b5 Qc7 11. O-O Be6 12. f4 exf4 13. Bxf4 a6 14. e5 dxe5
15. Bxa8 axb5 16. Nxb5 Qd7 17. Bxe5 Bh3 18. Bg2 Bxg2 19. Kxg2 Qc6+ 20. Kg1 Nbd7
21. Bb2 Ng4 22. Nf4 Ne3 23. Qf3 Qxf3 24. Rxf3 Bxb2 25. Rxb2 Nd1 26. Rb1 Nc3 27.
Nxc3 Kg7 28. Rbf1 Ne5 29. Ne6+ fxe6 30. Rxf8 Kh6 31. Rd1 Ng4 32. Re1 Kg7 33.
Rf4 Nh6 34. Rxe6 Nf7 35. Re7 Kg8 36. Rfxf7 h6 37. Rb7 g5 38. Rfc7 b5 39. Rc8#
1-0

[Event "Detroit (WCO/3/6)"]
[Site "?"]
[Date "1996.??.??"]
[Round "?"]
[White "Libby, Dan"]
[Black "Kinney, G."]
[Result "1-0"]
[WhiteElo "1700"]
[BlackElo "1605"]
[PlyCount "97"]
[EventDate "1996.??.??"]

{3/(6)} 1. c4 c5 2. Nc3 Nc6 3. g3 Nf6 4. Bg2 e6 5. e4 Be7 6. Nge2 d6 7. O-O e5
8. d3 Bg4 9. f3 Be6 10. Nd5 O-O 11. Nec3 a6 12. Nxe7+ Nxe7 13. Bg5 Nd7 14. f4
f6 15. Bh4 Ng6 16. f5 Nxh4 17. gxh4 Bf7 18. h5 h6 19. Qg4 Qe8 20. Bf3 Nb6 21.
Rf2 Kh8 22. Rg2 Rg8 23. Kh1 Na4 24. Nd1 b5 25. b3 bxc4 26. bxa4 cxd3 27. Nc3
Rb8 28. Rd2 Bc4 29. Bd1 Rb4 30. Bb3 Bxb3 31. axb3 Rd4 32. Qg3 Qxh5 33. Rxd3 g6
34. Rg1 Rxd3 35. Qxd3 gxf5 36. Rxg8+ Kxg8 37. exf5 Qg5 38. Qg3 Kf7 39. Qxg5
hxg5 40. Kg2 Ke7 41. Kf3 Kf7 42. Ke4 Ke7 43. Kd5 Kd7 44. Ne4 Ke7 45. Nxd6 g4
46. Ne4 Kf7 47. Kxc5 Kg7 48. Kb6 Kh6 49. Kxa6 1-0

[Event "Detroit (Class B/1/10)"]
[Site "?"]
[Date "1996.??.??"]
[Round "?"]
[White "Libby, Dan"]
[Black "Hartwig, Thomas"]
[Result "0-1"]
[WhiteElo "1740"]
[BlackElo "1670"]
[PlyCount "104"]
[EventDate "1996.??.??"]

{1/(10)} 1. c4 g6 2. Nc3 Bg7 3. g3 Nf6 4. Bg2 O-O 5. e4 d6 6. d4 Nc6 7. Nge2 e5
8. d5 Nd4 9. Nxd4 exd4 10. Qxd4 Nxe4 11. Qd3 Nxc3 12. bxc3 Bf5 13. Qd2 Re8+ 14.
Kd1 Qd7 15. a4 Re5 16. Re1 Rae8 17. Rxe5 Rxe5 18. f3 Qe8 19. Qf2 Bc2+ 20. Kd2
Re2+ 21. Qxe2 Bxc3+ 22. Kxc2 Qxe2+ 23. Kxc3 Qxg2 24. Be3 Qxh2 25. Bxa7 Qxg3 26.
Rf1 b6 27. Bb8 Qe5+ 28. Kb3 Qe7 29. a5 Qd8 30. Ba7 Qa8 31. axb6 cxb6 32. Ra1 h5
33. Kb4 h4 34. Kb5 h3 35. Kxb6 h2 36. Rh1 Qd8+ 37. Kc6 Qc8+ 38. Kb5 Qh3 39. Bb8
Qg2 40. Rb1 h1=Q 41. Rxh1 Qxh1 42. Bxd6 Qxf3 43. Kc6 g5 44. Bc5 g4 45. Kc7 Qf4+
46. d6 Qxc4 47. Kb6 g3 48. d7 Qd5 49. Kc7 Qxc5+ 50. Kb7 Qd6 51. Kc8 Qc6+ 52.
Kd8 g2 0-1

[Event "Detroit (WCO/5/6)"]
[Site "?"]
[Date "1996.??.??"]
[Round "?"]
[White "Libby, Dan"]
[Black "Frantz, John W"]
[Result "1-0"]
[WhiteElo "1705"]
[BlackElo "1605"]
[PlyCount "55"]
[EventDate "1996.??.??"]

{5/(6)} 1. c4 c5 2. g3 d5 3. Bg2 d4 4. Qa4+ Bd7 5. Qb3 Nc6 6. Qxb7 Rb8 7. Qxc6
Bxc6 8. Bxc6+ Qd7 9. Bxd7+ Kxd7 10. Nf3 g6 11. Ne5+ Ke8 12. b3 f6 13. Nd3 e5
14. f3 a5 15. Na3 h5 16. h4 Nh6 17. e4 Rh7 18. Nb5 Rd7 19. Ba3 Rc8 20. O-O Nf7
21. f4 exf4 22. gxf4 g5 23. fxg5 fxg5 24. e5 Rc6 25. Rae1 Nh6 26. Rf6 Rc8 27.
Nd6+ Bxd6 28. exd6+ 1-0

[Event "Howell (US Am N/5/22)"]
[Site "?"]
[Date "1996.??.??"]
[Round "?"]
[White "Libby, Dan"]
[Black "Evans Sr., Thomas"]
[Result "0-1"]
[WhiteElo "1740"]
[BlackElo "1605"]
[PlyCount "100"]
[EventDate "1996.??.??"]

{5/(22)} 1. c4 e6 2. g3 Nf6 3. Bg2 Bc5 4. e3 O-O 5. Ne2 c6 6. O-O d5 7. d4 Bd6
8. c5 Bc7 9. Nbc3 e5 10. f4 e4 11. h3 Na6 12. a3 Be6 13. Bd2 Qc8 14. Kh2 b6 15.
b4 b5 16. a4 Nxb4 17. axb5 Bd7 18. Nxe4 Nxe4 19. Bxb4 Re8 20. bxc6 Bxc6 21.
Bxe4 Rxe4 22. Bd2 a5 23. Nc3 Re8 24. Re1 h6 25. Qc2 Qd7 26. Ra3 Bb7 27. Ne2 Bc8
28. Ng1 Bb7 29. Rc1 Bc6 30. Nf3 f6 31. Qg6 Qf7 32. Qxf7+ Kxf7 33. Kg2 a4 34.
Kf2 Reb8 35. Rc2 Ba5 36. Ng1 Rb3 37. Bc1 Bb4 38. Raa2 a3 39. Ne2 Rd3 40. f5 Ra5
41. Nf4 Rd1 42. Ne2 Ba4 43. Nc3 Bxc2 44. Nxd1 Bxd1 45. e4 Bb3 46. Bxa3 Rxa3 47.
Rb2 Ra2 48. Rxa2 Bxa2 49. c6 Ba5 50. exd5 Bxd5 0-1

[Event "Detroit (MI Women/4/6)"]
[Site "?"]
[Date "1996.??.??"]
[Round "?"]
[White "Libby, A."]
[Black "Zarzycki, Amanda"]
[Result "0-1"]
[WhiteElo "1605"]
[BlackElo "1605"]
[PlyCount "38"]
[EventDate "1996.??.??"]

{4/(6)} 1. e4 e5 2. Nf3 Nc6 3. Nc3 Nf6 4. Bb5 Bc5 5. O-O O-O 6. d3 h6 7. h3 d5
8. exd5 Nxd5 9. Nxd5 Qxd5 10. Bxc6 Qxc6 11. Nxe5 Qf6 12. Ng4 Qh4 13. g3 Qxh3
14. Nh2 Bd6 15. Qf3 Bf5 16. Qxb7 Rab8 17. Qxa7 Bg4 18. f3 Qxg3+ 19. Kh1 Qxh2#
0-1

[Event "Detroit (MI Women/2/2)"]
[Site "?"]
[Date "1996.??.??"]
[Round "?"]
[White "Libby, A."]
[Black "Raupp, Helene"]
[Result "0-1"]
[WhiteElo "1605"]
[BlackElo "1605"]
[PlyCount "36"]
[EventDate "1996.??.??"]

{2/(2)} 1. e4 e6 2. Nf3 d5 3. Nc3 Bb4 4. a3 Bxc3 5. bxc3 dxe4 6. Bb5+ c6 7. Bc4
exf3 8. gxf3 Ne7 9. d3 Nd7 10. Rg1 Nf5 11. Rb1 Qa5 12. d4 Qxc3+ 13. Bd2 Qxc4
14. Bg5 Nxd4 15. Rb4 Nxc2+ 16. Kd2 Nxb4 17. Qe1 Qd3+ 18. Kc1 Qc2# 0-1

[Event "Detroit (Beg/2/11)"]
[Site "?"]
[Date "1996.??.??"]
[Round "?"]
[White "Libby, A."]
[Black "Herschler, R."]
[Result "0-1"]
[WhiteElo "1605"]
[BlackElo "1605"]
[PlyCount "42"]
[EventDate "1996.??.??"]

{2/(11)} 1. e4 e5 2. Nc3 Nf6 3. Nf3 Nc6 4. Bb5 a6 5. Bc4 Bc5 6. O-O d6 7. h4
Bg4 8. d3 Nd4 9. Bg5 Bxf3 10. gxf3 Qd7 11. Bd5 c6 12. Bc4 d5 13. exd5 cxd5 14.
Bxf6 dxc4 15. Bxg7 Rg8 16. b4 Rxg7+ 17. Kh2 Bxb4 18. Ne4 Qe6 19. Rg1 Rg6 20.
Rb1 Qe7 21. dxc4 Qxh4# 0-1

[Event "Detroit (Beg/5/12)"]
[Site "?"]
[Date "1996.??.??"]
[Round "?"]
[White "Libby, A."]
[Black "Chrzan, Bryan"]
[Result "0-1"]
[WhiteElo "1605"]
[BlackElo "1605"]
[PlyCount "45"]
[EventDate "1996.??.??"]

{5/(12)} 1. e4 c5 2. Nc3 b6 3. Nf3 Nc6 4. Bb5 Bb7 5. O-O e5 6. h3 Nf6 7. d3 Be7
8. Bg5 O-O 9. Bc4 Qc7 10. Nb5 Qd8 11. b3 h6 12. Be3 d5 13. exd5 Nxd5 14. Bxd5
Qxd5 15. Nc7 Qd6 16. Nxa8 Rxa8 17. c4 Nd4 18. Rc1 Qf6 19. Rc3 Nxf3+ 20. gxf3
Bxf3 21. Qd2 Qg6+ 22. Bg5 Bxg5 23. Qc2 0-1

[Event "Detroit (Class A/3/13)"]
[Site "?"]
[Date "1996.??.??"]
[Round "?"]
[White "Levadi, David"]
[Black "Vandivier, Don"]
[Result "1-0"]
[WhiteElo "1900"]
[BlackElo "1940"]
[PlyCount "49"]
[EventDate "1996.??.??"]

{3/(13)} 1. Nc3 Nf6 2. Nf3 c5 3. d4 cxd4 4. Nxd4 a6 5. g3 Nc6 6. Bg2 Qc7 7. O-O
g6 8. Bg5 Qe5 9. Nf3 Qf5 10. Re1 Ne5 11. Bf4 Nxf3+ 12. Bxf3 g5 13. e4 Qg6 14.
Bc7 d6 15. e5 g4 16. Bg2 Nd7 17. exd6 e6 18. Nd5 Bg7 19. Ne7 Qg5 20. Nxc8 Rxc8
21. Bxb7 O-O 22. c3 Ne5 23. Rxe5 Bxe5 24. Bxc8 Rxc8 25. d7 1-0

[Event "Detroit (Class A/4/9)"]
[Site "?"]
[Date "1996.??.??"]
[Round "?"]
[White "Levadi, David"]
[Black "Ashton, Jeff"]
[Result "1/2-1/2"]
[WhiteElo "1900"]
[BlackElo "1855"]
[PlyCount "98"]
[EventDate "1996.??.??"]

{4/(9)} 1. Nc3 c5 2. Nf3 Nc6 3. d4 cxd4 4. Nxd4 g6 5. g3 Bg7 6. Be3 Nf6 7. Bg2
O-O 8. O-O Ng4 9. Nxc6 dxc6 10. Bc5 Qc7 11. h3 Rd8 12. Qe1 Nf6 13. e4 Be6 14.
Qe2 b6 15. Be3 b5 16. Rfd1 Bc4 17. Qe1 a5 18. Bc5 Kf8 19. Qe3 Nd7 20. Bd4 e5
21. Bc5+ Nxc5 22. Qxc5+ Kg8 23. b3 Bf8 24. Qe3 Be6 25. Rxd8 Rxd8 26. Rd1 Rxd1+
27. Nxd1 Qd7 28. Qe1 Bb4 29. c3 Bc5 30. Kh2 Qd3 31. Bf1 Qc2 32. Qe2 Qxe2 33.
Bxe2 a4 34. c4 bxc4 35. Bxc4 Bxc4 36. bxc4 Bd4 37. Kg2 Kf8 38. Kf3 Ke7 39. Ke2
Kd6 40. Kd3 Kc5 41. a3 f5 42. f3 fxe4+ 43. fxe4 Kd6 44. Nc3 Bxc3 45. Kxc3 c5
46. Kd3 Ke6 47. Ke3 Kf6 48. h4 g5 49. Kf3 h6 1/2-1/2

[Event "Detroit (MI Team/4/2/2)"]
[Site "?"]
[Date "1996.??.??"]
[Round "?"]
[White "Leone, P."]
[Black "Wysocki, Jason"]
[Result "1-0"]
[WhiteElo "2065"]
[BlackElo "2105"]
[PlyCount "103"]
[EventDate "1996.??.??"]

{4/2} 1. e4 c6 2. d4 d5 3. Nc3 dxe4 4. Nxe4 Nf6 5. Nxf6+ gxf6 6. g3 Bf5 7. Bg2
e6 8. Be3 Qa5+ 9. c3 Qb5 10. Qd2 Nd7 11. Nf3 Be4 12. Qe2 Bd3 13. Qd2 Nb6 14. b3
Be4 15. Qe2 Qa5 16. Bd2 f5 17. O-O Nd7 18. Ng5 Bxg2 19. Kxg2 Nf6 20. c4 Qc7 21.
Bf4 Qd7 22. Be5 Bg7 23. Rad1 h6 24. Nf3 O-O 25. Bxf6 Bxf6 26. Ne5 Qc7 27. f4
Rad8 28. Rd3 Kh7 29. Rfd1 Rfe8 30. Qh5 Bxe5 31. dxe5 Rxd3 32. Rxd3 Kg7 33. Qd1
Re7 34. Rd8 Qa5 35. Qd6 Qe1 36. Qd3 c5 37. Kh3 Qf2 38. Rb8 Rd7 39. Qxd7 Qf3 40.
Qd2 Kg6 41. Rd8 a6 42. Qd1 Qf2 43. Rd2 Qe3 44. Qe2 Qg1 45. Rd7 Qh1 46. Kh4 Kg7
47. h3 Qc6 48. Qd1 b5 49. Qd6 Qf3 50. Rd8 Kg6 51. Rg8+ Kh7 52. Qf8 1-0

[Event "Detroit (MI Team/3/3/2)"]
[Site "?"]
[Date "1996.??.??"]
[Round "?"]
[White "Leone, P."]
[Black "Dolin, Jack"]
[Result "0-1"]
[WhiteElo "2065"]
[BlackElo "1605"]
[PlyCount "30"]
[EventDate "1996.??.??"]

{3/3} 1. e4 c5 2. Nf3 Nc6 3. d4 cxd4 4. Nxd4 d6 5. c4 e5 6. Nc2 Nf6 7. Nc3 Bg4
8. f3 Be6 9. Ne3 Nd4 10. Ned5 Nxd5 11. cxd5 Bd7 12. Be3 Qb6 13. Qd2 Nc2+ 14.
Kf2 Nxe3 15. Ke2 Nxf1 0-1

[Event "Howell (US Am N/6/8)"]
[Site "?"]
[Date "1996.??.??"]
[Round "?"]
[White "Lehotzky, Attila"]
[Black "Roberts, Kenneth"]
[Result "1/2-1/2"]
[WhiteElo "1945"]
[BlackElo "1820"]
[PlyCount "53"]
[EventDate "1996.??.??"]

{6/(8)} 1. d4 Nf6 2. c4 e6 3. Nf3 d5 4. e3 Bb4+ 5. Bd2 Bxd2+ 6. Nbxd2 O-O 7.
Bd3 dxc4 8. Nxc4 Nbd7 9. O-O c5 10. Ncd2 cxd4 11. exd4 b6 12. Bb5 Bb7 13. Bxd7
Qxd7 14. Nb3 Qd5 15. Qd2 h6 16. Rfe1 Ne4 17. Qf4 Ng5 18. Nbd2 Rfe8 19. Re5
Nxf3+ 20. Nxf3 Qc4 21. Rh5 Bxf3 22. gxf3 Qc2 23. Rxh6 gxh6 24. Kh1 Kh7 25. Rg1
Rg8 26. Qxf7+ Kh8 27. Qf6+ 1/2-1/2

[Event "Lansing (MI Op/1b/16)"]
[Site "?"]
[Date "1996.??.??"]
[Round "?"]
[White "Lehotzky, Attila"]
[Black "Raupp, Kenneth L"]
[Result "1-0"]
[WhiteElo "1965"]
[BlackElo "1685"]
[PlyCount "73"]
[EventDate "1996.??.??"]

1. d4 e6 2. Nf3 f5 3. e3 Nf6 4. c4 c6 5. Nc3 d5 6. cxd5 exd5 7. Ne5 Nbd7 8. Bd3
Nxe5 9. dxe5 Ne4 10. O-O Qc7 11. f4 Be6 12. Qc2 Qd7 13. Ne2 Be7 14. Nd4 g6 15.
Bxe4 fxe4 16. a4 O-O 17. a5 Rac8 18. b3 Rf7 19. Ba3 Bd8 20. Qc5 b6 21. axb6
axb6 22. Qd6 Qxd6 23. Bxd6 Bg4 24. h3 Bf5 25. g4 Bd7 26. e6 Bxe6 27. Nxe6 Rf6
28. f5 c5 29. Be5 Rf7 30. fxg6 hxg6 31. Rxf7 Kxf7 32. Nxd8+ Rxd8 33. Bc7 Rd7
34. Bxb6 d4 35. Ra7 Rxa7 36. Bxa7 d3 37. Kf1 1-0

[Event "Flint (MI Senior/2/5)"]
[Site "?"]
[Date "1996.??.??"]
[Round "?"]
[White "Lehotzky, Attila"]
[Black "Poniatowski, Don"]
[Result "1-0"]
[WhiteElo "1945"]
[BlackElo "1605"]
[PlyCount "88"]
[EventDate "1996.??.??"]

{2/(5)} 1. Nf3 d5 2. d4 Nf6 3. Bg5 e6 4. e3 Nc6 5. a3 a6 6. c4 Be7 7. Nc3 h6 8.
Bxf6 Bxf6 9. cxd5 exd5 10. Qb3 Ne7 11. Bd3 b5 12. a4 c6 13. axb5 cxb5 14. Bxb5+
Bd7 15. Bxd7+ Qxd7 16. Ra5 O-O 17. Nxd5 Nxd5 18. Qxd5 Qxd5 19. Rxd5 Rfb8 20.
O-O Rxb2 21. Ra5 Bd8 22. Ra4 a5 23. Rfa1 Rab8 24. g3 Rb1+ 25. Rxb1 Rxb1+ 26.
Kg2 Rb4 27. Rxb4 axb4 28. Nd2 Kf8 29. Kf3 Ke7 30. Ke4 Bc7 31. Kd3 Ke6 32. Kc4
Bd6 33. Ne4 Be7 34. Nc5+ Bxc5 35. dxc5 b3 36. Kxb3 Kd5 37. Kb4 Kc6 38. f4 f5
39. h4 g6 40. Kc4 Kd7 41. Kd5 Kc7 42. e4 fxe4 43. Kxe4 Kc6 44. h5 Kxc5 1-0

[Event "Flint (MI Senior/4/3)"]
[Site "?"]
[Date "1996.??.??"]
[Round "?"]
[White "Lehotzky, Attila"]
[Black "Kung, Fred"]
[Result "1-0"]
[WhiteElo "1945"]
[BlackElo "1865"]
[PlyCount "71"]
[EventDate "1996.??.??"]

{4/(3)} 1. Nf3 d5 2. d4 e6 3. a3 c5 4. e3 Nc6 5. b3 cxd4 6. exd4 Nf6 7. Bd3
Qa5+ 8. Qd2 Bb4 9. c3 Bd6 10. O-O Qc7 11. Re1 O-O 12. a4 Bd7 13. Na3 Na5 14.
Qc2 Rac8 15. Bd2 a6 16. Ne5 h6 17. f4 Nc6 18. Qd1 Qd8 19. Nc2 Qe7 20. Ne3 Bxe5
21. fxe5 Ne8 22. Ng4 f5 23. exf6 Nxf6 24. Ne5 Nxe5 25. dxe5 Nh7 26. Qg4 Kh8 27.
Qg6 Rf5 28. g4 Nf8 29. gxf5 Nxg6 30. fxg6 Rf8 31. Rf1 Be8 32. Rxf8+ Qxf8 33.
Rf1 Qe7 34. b4 Kg8 35. Be3 Qc7 36. Bc5 1-0

[Event "Lansing (MI Op/5/13)"]
[Site "?"]
[Date "1996.??.??"]
[Round "?"]
[White "Lehotzky, Attila"]
[Black "Hankinson, Chris"]
[Result "1-0"]
[WhiteElo "1965"]
[BlackElo "2110"]
[PlyCount "79"]
[EventDate "1996.??.??"]

{5/(13)} 1. Nf3 a6 2. e4 e6 3. Bc4 b5 4. Bb3 Bb7 5. d3 c5 6. Qe2 Nc6 7. a3 Nge7
8. Nc3 Ng6 9. Bd2 Be7 10. O-O O-O 11. Rfe1 Kh8 12. Be3 Qc7 13. Ng5 Nf4 14. Qg4
Bxg5 15. Qxg5 Ng6 16. Bxc5 f6 17. Qg3 Qxg3 18. hxg3 Rfc8 19. Be3 Nce5 20. f3
Ne7 21. g4 N7c6 22. Re2 b4 23. axb4 Nxb4 24. Na4 Re8 25. d4 Nec6 26. c3 Na5 27.
Bxe6 dxe6 28. cxb4 Nc6 29. Nc5 Bc8 30. b5 Nb4 31. bxa6 Bxa6 32. Nxa6 Rxa6 33.
Rxa6 Nxa6 34. Rd2 Nb4 35. Bf2 Rc8 36. d5 exd5 37. exd5 Kg8 38. d6 Kf7 39. d7
Rc1+ 40. Kh2 1-0

[Event "Lansing (MI Op/3/16)"]
[Site "?"]
[Date "1996.??.??"]
[Round "?"]
[White "Lehotzky, Attila"]
[Black "Haluska, James"]
[Result "1/2-1/2"]
[WhiteElo "1965"]
[BlackElo "2110"]
[PlyCount "76"]
[EventDate "1996.??.??"]

{3/(16)} 1. Nf3 Nf6 2. d4 g6 3. Bg5 Bg7 4. Qd2 d6 5. Bh6 O-O 6. Bxg7 Kxg7 7. h4
h5 8. Nc3 Bf5 9. Ng5 c6 10. e4 Bc8 11. Bd3 e5 12. dxe5 dxe5 13. O-O-O Qe7 14.
Bc4 Nbd7 15. Qd6 Qxd6 16. Rxd6 Nb6 17. Bb3 Bd7 18. Rhd1 Rae8 19. Na4 Nxa4 20.
Bxa4 Bc8 21. Bb3 Nh7 22. Nxh7 Kxh7 23. Rf6 Kg7 24. Rdd6 Re7 25. a4 Be6 26. Rf3
Bxb3 27. Rxb3 Rc8 28. Rbd3 Rcc7 29. a5 f6 30. Kd2 Kf7 31. Kc3 Re6 32. Kc4 Rxd6
33. Rxd6 Ke7 34. Rd3 Rd7 35. b4 Ke6 36. Kc5 Rxd3 37. cxd3 Kd7 38. f3 Kc7
1/2-1/2

[Event "Howell (US Am N/5/3)"]
[Site "?"]
[Date "1996.??.??"]
[Round "?"]
[White "Lehotzky, Attila"]
[Black "Fuller, William"]
[Result "0-1"]
[WhiteElo "1945"]
[BlackElo "2040"]
[PlyCount "72"]
[EventDate "1996.??.??"]

{5/(3)} 1. Nf3 c5 2. c3 Nc6 3. d4 cxd4 4. Nxd4 Nf6 5. Bg5 e5 6. Bxf6 gxf6 7.
Nxc6 bxc6 8. e4 Bc5 9. Bc4 f5 10. Qh5 Qf6 11. Nd2 Rg8 12. g3 f4 13. O-O-O d6
14. Qe2 Rb8 15. h3 a5 16. Nb3 f3 17. Qd2 Bb6 18. Qxd6 Qxd6 19. Rxd6 Bxf2 20.
Nxa5 Bc5 21. Rf6 Rxg3 22. Nxc6 Rb7 23. Rd1 Kf8 24. Nd8 Be3+ 25. Kb1 Kg7 26.
Rxf3 Rxf3 27. Nxb7 Bxb7 28. Bd5 Bc8 29. a4 Rxh3 30. a5 Ba6 31. c4 Bd4 32. Rd2
Rh1+ 33. Kc2 Ra1 34. b4 Bc8 35. Rg2+ Kf6 36. Rh2 Ra2+ 0-1

[Event "Lansing (MI Op/7/12)"]
[Site "?"]
[Date "1996.??.??"]
[Round "?"]
[White "Lehotzky, Attila"]
[Black "Clark, K."]
[Result "1/2-1/2"]
[WhiteElo "1965"]
[BlackElo "2065"]
[PlyCount "91"]
[EventDate "1996.??.??"]

{7/(12)} 1. Nf3 d5 2. d4 Nf6 3. Bf4 e6 4. e3 Nbd7 5. Bd3 c5 6. c3 Qb6 7. Qc2 c4
8. Be2 Bd6 9. Bxd6 Qxd6 10. Nbd2 a6 11. b3 b5 12. bxc4 bxc4 13. O-O Bb7 14.
Rab1 Bc6 15. Rfe1 O-O 16. Bf1 Rab8 17. h3 Rxb1 18. Rxb1 Rb8 19. g4 h6 20. g5
hxg5 21. Nxg5 Rxb1 22. Qxb1 Qa3 23. Qc2 Ba4 24. Nb1 Bxc2 25. Nxa3 Bd1 26. Nxc4
dxc4 27. Bxc4 a5 28. Bb5 Nb6 29. Kf1 Ba4 30. Be2 Nfd5 31. c4 Nc7 32. c5 Nbd5
33. Bc4 Bb5 34. Bxb5 Nxb5 35. Ne4 Kf8 36. Ke1 Nbc3 37. Nd6 f5 38. a3 Ke7 39.
Nc4 a4 40. f3 Nc7 41. Kd2 N7b5 42. Kd3 Nd5 43. Nb2 Nxa3 44. Nxa4 Nb5 45. Nb2
Nbc7 46. Nd1 1/2-1/2

[Event "Howell (US Am N/2/24)"]
[Site "?"]
[Date "1996.??.??"]
[Round "?"]
[White "Lehotzky, Attila"]
[Black "Brumley, Ron"]
[Result "1-0"]
[WhiteElo "1945"]
[BlackElo "1605"]
[PlyCount "33"]
[EventDate "1996.??.??"]

{2/(24)} 1. Nf3 Nc6 2. d4 d5 3. Bf4 Bf5 4. a3 Nf6 5. e3 Ne4 6. c4 e6 7. Qb3 Na5
8. Qa4+ c6 9. c5 b5 10. Bxb5 cxb5 11. Qxb5+ Ke7 12. b4 Nc4 13. Nbd2 Nexd2 14.
Nxd2 Qd7 15. c6 Nd6 16. Bxd6+ Qxd6 17. Qb7+ 1-0

[Event "Lansing (MI Op/2/30)"]
[Site "?"]
[Date "1996.??.??"]
[Round "?"]
[White "Laumer, H."]
[Black "Walker, Douglas"]
[Result "0-1"]
[WhiteElo "1805"]
[BlackElo "1935"]
[PlyCount "86"]
[EventDate "1996.??.??"]

{2/(30)} 1. e4 c5 2. Nf3 d6 3. d4 cxd4 4. Nxd4 Nf6 5. Nc3 g6 6. Be2 Bg7 7. Be3
O-O 8. O-O Nc6 9. f4 a6 10. Nb3 Be6 11. Qd2 Rc8 12. Rad1 Ng4 13. Bd4 Nxd4 14.
Nxd4 Bd7 15. h3 Nh6 16. Kh1 Bc6 17. Nxc6 Rxc6 18. Bf3 Bxc3 19. bxc3 Qc7 20. f5
Kg7 21. e5 Nxf5 22. Bxc6 Ng3+ 23. Kh2 Nxf1+ 24. Rxf1 Qxc6 25. exd6 exd6 26.
Qd4+ f6 27. Re1 d5 28. g4 Qd6+ 29. Kg2 Rc8 30. Rd1 Re8 31. Rd2 Qe5 32. Qxd5
Qxd5+ 33. Rxd5 Re2+ 34. Kf3 Rxc2 35. Rd7+ Kh6 36. Rxb7 Rxc3+ 37. Kg2 Ra3 38.
Rb2 Kg5 39. Rc2 h5 40. Rc5+ f5 41. gxf5 Rxa2+ 42. Kg3 h4+ 43. Kf3 gxf5 0-1